[Event "Fide"]
[Site "?"]
[Date "2019.12.31"]
[Round "9.1"]
[White "Licznerski, Lukasz"]
[Black "Kislinsky, Alexey"]
[Result "1/2-1/2"]
[BlackElo "2460"]
[WhiteElo "2373"]
[LiveChessVersion "1.4.8"]

1. e4 {[%clk 1:28:41]} c5 {[%clk 1:25:34]} 2. Nf3 {[%clk 1:29:06]} g6
{[%clk 1:25:35]} 3. c3 {[%clk 1:29:30]} Bg7 {[%clk 1:25:59]} 4. d4
{[%clk 1:29:55]} cxd4 {[%clk 1:26:24]} 5. cxd4 {[%clk 1:30:20]} d5
{[%clk 1:26:50]} 6. e5 {[%clk 1:29:55]} a6 {[%clk 1:26:51]} 7. Nc3
{[%clk 1:28:46]} Nc6 {[%clk 1:27:02]} 8. Be3 {[%clk 1:25:35]} Bg4
{[%clk 1:26:54]} 9. Bd3 {[%clk 1:18:42]} f6 {[%clk 1:18:06]} 10. exf6
{[%clk 1:01:37]} Nxf6 {[%clk 1:18:29]} 11. Be2 {[%clk 0:58:06]} O-O
{[%clk 1:18:08]} 12. O-O {[%clk 0:56:09]} Qd6 {[%clk 1:11:47]} 13. h3
{[%clk 0:49:39]} Bxf3 {[%clk 1:09:28]} 14. Bxf3 {[%clk 0:50:07]} Rad8
{[%clk 1:09:31]} 15. Re1 {[%clk 0:49:09]} e6 {[%clk 1:06:14]} 16. Rc1
{[%clk 0:45:28]} 1/2-1/2

[Event "Fide"]
[Site "?"]
[Date "2019.12.31"]
[Round "9.2"]
[White "Czerwonski, Aleksander"]
[Black "Chylewski, Patryk"]
[Result "1/2-1/2"]
[BlackElo "2357"]
[WhiteElo "2358"]
[LiveChessVersion "1.4.8"]

1. d4 {[%clk 1:30:58]} d5 {[%clk 1:30:55]} 2. c4 {[%clk 1:31:25]} e6
{[%clk 1:31:22]} 3. Nf3 {[%clk 1:31:44]} a6 {[%clk 1:31:48]} 4. cxd5
{[%clk 1:24:18]} exd5 {[%clk 1:32:14]} 5. Nc3 {[%clk 1:24:44]} Nf6
{[%clk 1:32:39]} 6. Bg5 {[%clk 1:25:04]} Be6 {[%clk 1:33:04]} 7. e3
{[%clk 1:24:50]} Nbd7 {[%clk 1:33:30]} 8. Bd3 {[%clk 1:23:37]} Bd6
{[%clk 1:33:54]} 9. Qc2 {[%clk 1:22:21]} c6 {[%clk 1:34:11]} 10. Rb1
{[%clk 1:16:46]} Bg4 {[%clk 1:28:31]} 11. Bh4 {[%clk 1:12:25]} Bh5
{[%clk 1:18:15]} 12. Bg3 {[%clk 1:09:11]} 1/2-1/2

[Event "Fide"]
[Site "?"]
[Date "2019.12.31"]
[Round "9.3"]
[White "Niekras, Dawid"]
[Black "Dzida, Kamil"]
[Result "1/2-1/2"]
[BlackElo "2090"]
[WhiteElo "2331"]
[LiveChessVersion "1.4.8"]

1. e4 {[%clk 1:30:57]} c5 {[%clk 1:25:26]} 2. Nf3 {[%clk 1:31:18]} d6
{[%clk 1:24:27]} 3. d4 {[%clk 1:31:41]} cxd4 {[%clk 1:24:51]} 4. Nxd4
{[%clk 1:32:06]} Nf6 {[%clk 1:25:15]} 5. Nc3 {[%clk 1:32:31]} a6 {[%clk 1:25:42]}
6. Bg5 {[%clk 1:32:56]} e6 {[%clk 1:26:01]} 7. f4 {[%clk 1:33:20]} Be7
{[%clk 1:26:26]} 8. Qf3 {[%clk 1:33:44]} Qc7 {[%clk 1:26:49]} 9. O-O-O
{[%clk 1:34:07]} Nbd7 {[%clk 1:27:08]} 10. g4 {[%clk 1:34:31]} Rb8
{[%clk 1:27:34]} 11. Bxf6 {[%clk 1:31:32]} Bxf6 {[%clk 1:27:59]} 12. g5
{[%clk 1:31:58]} Bxd4 {[%clk 1:28:25]} 13. Rxd4 {[%clk 1:32:21]} b5
{[%clk 1:28:53]} 14. a3 {[%clk 1:05:10]} Qc5 {[%clk 1:29:19]} 15. Qd3
{[%clk 1:05:33]} b4 {[%clk 1:29:43]} 16. axb4 {[%clk 1:05:58]} Rxb4
{[%clk 1:30:09]} 17. Rxb4 {[%clk 1:06:21]} Qxb4 {[%clk 1:30:35]} 18. Qc4
{[%clk 1:00:07]} Qxc4 {[%clk 1:31:00]} 19. Bxc4 {[%clk 1:00:32]} Ke7
{[%clk 1:31:28]} 20. Kd2 {[%clk 1:00:14]} h6 {[%clk 1:26:55]} 21. h4
{[%clk 0:44:09]} hxg5 {[%clk 1:27:21]} 22. fxg5 {[%clk 0:44:32]} f6
{[%clk 1:27:47]} 23. Ra1 {[%clk 0:28:05]} Rxh4 {[%clk 1:26:57]} 24. Bxa6
{[%clk 0:24:44]} Bxa6 {[%clk 1:26:23]} 25. Rxa6 {[%clk 0:24:48]} Rh2+
{[%clk 1:26:31]} 26. Ne2 {[%clk 0:24:55]} fxg5 {[%clk 1:25:17]} 27. Ra7
{[%clk 0:23:05]} e5 {[%clk 1:14:22]} 1/2-1/2

[Event "Fide"]
[Site "?"]
[Date "2019.12.31"]
[Round "9.4"]
[White "Eggink, Ryszard"]
[Black "Vysochin, Spartak"]
[Result "1/2-1/2"]
[BlackElo "2512"]
[WhiteElo "2402"]
[LiveChessVersion "1.4.8"]

1. e4 {[%clk 1:30:57]} Nf6 {[%clk 1:30:52]} 2. e5 {[%clk 1:31:02]} Nd5
{[%clk 1:31:16]} 3. c4 {[%clk 1:28:04]} Nb6 {[%clk 1:31:33]} 4. d4
{[%clk 1:28:32]} d6 {[%clk 1:31:54]} 5. exd6 {[%clk 1:28:59]} exd6
{[%clk 1:32:02]} 6. h3 {[%clk 1:26:38]} Nc6 {[%clk 1:28:49]} 7. Nf3
{[%clk 1:24:46]} Be7 {[%clk 1:28:18]} 8. Nc3 {[%clk 1:22:00]} O-O
{[%clk 1:25:20]} 9. Be2 {[%clk 1:21:47]} Bf5 {[%clk 1:24:55]} 10. O-O
{[%clk 1:21:26]} Bf6 {[%clk 1:24:18]} 11. Be3 {[%clk 1:17:26]} Re8
{[%clk 1:20:09]} 12. b3 {[%clk 1:12:31]} h6 {[%clk 1:16:24]} 13. Qd2
{[%clk 1:06:46]} d5 {[%clk 1:15:28]} 14. c5 {[%clk 0:57:24]} Nc8 {[%clk 1:15:30]}
15. a3 {[%clk 0:48:02]} N8e7 {[%clk 1:13:50]} 16. b4 {[%clk 0:47:33]} a6
{[%clk 1:12:34]} 17. Bd3 {[%clk 0:33:18]} Qd7 {[%clk 1:11:52]} 18. Rfe1
{[%clk 0:33:07]} Bxd3 {[%clk 1:08:49]} 19. Qxd3 {[%clk 0:33:35]} Nf5
{[%clk 1:08:36]} 20. Rad1 {[%clk 0:27:13]} Re7 {[%clk 1:07:14]} 21. g4
{[%clk 0:25:12]} Nh4 {[%clk 1:04:00]} 22. Nxh4 {[%clk 0:25:38]} Bxh4
{[%clk 1:04:27]} 23. Bf4 {[%clk 0:25:09]} Rxe1+ {[%clk 1:02:48]} 24. Rxe1
{[%clk 0:25:08]} Bf6 {[%clk 1:02:58]} 25. Be5 {[%clk 0:22:01]} Re8
{[%clk 1:02:17]} 26. Re2 {[%clk 0:20:16]} Bd8 {[%clk 0:48:41]} 27. Bg3
{[%clk 0:18:11]} Rxe2 {[%clk 0:48:12]} 28. Nxe2 {[%clk 0:18:40]} Bf6
{[%clk 0:48:27]} 29. Qe3 {[%clk 0:18:39]} Nd8 {[%clk 0:46:52]} 30. Be5
{[%clk 0:18:31]} Bg5 {[%clk 0:47:04]} 31. f4 {[%clk 0:18:20]} Bh4
{[%clk 0:46:35]} 32. f5 {[%clk 0:18:38]} Nc6 {[%clk 0:46:30]} 33. Kg2
{[%clk 0:18:15]} a5 {[%clk 0:44:49]} 34. bxa5 {[%clk 0:14:49]} Nxa5
{[%clk 0:45:01]} 35. Qf4 {[%clk 0:11:38]} Qe7 {[%clk 0:40:58]} 36. Ng3
{[%clk 0:09:01]} Bxg3 {[%clk 0:38:21]} 37. Kxg3 {[%clk 0:09:18]} f6
{[%clk 0:37:52]} 38. Bxc7 {[%clk 0:09:43]} Nc4 {[%clk 0:37:52]} 39. a4
{[%clk 0:09:09]} Qe1+ {[%clk 0:34:26]} 40. Qf2 {[%clk 0:08:21]} Qd1
{[%clk 0:34:46]} 41. Bf4 {[%clk 0:08:17]} Qxa4 {[%clk 0:34:46]} 42. Qe2
{[%clk 0:08:37]} Qd7 {[%clk 0:33:59]} 43. h4 {[%clk 0:07:40]} Na5
{[%clk 0:34:05]} 44. h5 {[%clk 0:06:23]} Nc6 {[%clk 0:34:26]} 45. Qe3
{[%clk 0:06:25]} Kh7 {[%clk 0:34:05]} 46. Kh3 {[%clk 0:06:25]} Qd8
{[%clk 0:34:07]} 47. Bg3 {[%clk 0:06:32]} Qa8 {[%clk 0:32:46]} 48. Bd6
{[%clk 0:06:56]} Nb4 {[%clk 0:30:04]} 49. Qe6 {[%clk 0:06:40]} Qg8
{[%clk 0:27:57]} 50. Qd7 {[%clk 0:06:54]} Nc6 {[%clk 0:26:25]} 51. Qxb7
{[%clk 0:07:10]} Nxd4 {[%clk 0:26:09]} 52. Bg3 {[%clk 0:04:54]} Qe8
{[%clk 0:24:27]} 53. Qxd5 {[%clk 0:05:15]} Qe3 {[%clk 0:24:43]} 54. Qg2
{[%clk 0:04:06]} Qc3 {[%clk 0:24:21]} 55. Qe4 {[%clk 0:02:38]} Nf3
{[%clk 0:19:50]} 56. Qe8 {[%clk 0:02:20]} Ne5 {[%clk 0:19:58]} 57. Kh4
{[%clk 0:02:26]} Nf3+ {[%clk 0:17:41]} 58. Kh3 {[%clk 0:02:55]} Ne5
{[%clk 0:16:39]} 59. Kh4 {[%clk 0:03:24]} Nf3+ 1/2-1/2

[Event "Fide"]
[Site "?"]
[Date "2019.12.31"]
[Round "9.5"]
[White "Kokoszczynski, Jan"]
[Black "Martins, David Pires Tavares"]
[Result "1/2-1/2"]
[BlackElo "2422"]
[WhiteElo "2264"]
[LiveChessVersion "1.4.8"]

1. e4 {[%clk 1:30:57]} Nc6 {[%clk 1:30:22]} 2. d4 {[%clk 1:26:10]} d5
{[%clk 1:28:28]} 3. e5 {[%clk 1:21:51]} f6 {[%clk 1:28:52]} 4. exf6
{[%clk 1:18:14]} Nxf6 {[%clk 1:26:25]} 5. Nf3 {[%clk 1:18:38]} Bg4
{[%clk 1:17:57]} 6. Bb5 {[%clk 1:14:16]} Qd6 {[%clk 1:16:31]} 7. Nc3
{[%clk 1:12:30]} a6 {[%clk 1:16:16]} 8. Bxc6+ {[%clk 1:11:54]} Qxc6
{[%clk 1:16:27]} 9. h3 {[%clk 1:11:38]} Bxf3 {[%clk 1:14:28]} 10. Qxf3
{[%clk 1:11:52]} e6 {[%clk 1:14:38]} 11. Bg5 {[%clk 1:00:39]} Bb4
{[%clk 1:13:28]} 12. Bxf6 {[%clk 0:59:34]} O-O {[%clk 1:13:46]} 13. Qd3
{[%clk 0:59:32]} Rxf6 {[%clk 1:14:07]} 14. O-O {[%clk 0:56:23]} Raf8
{[%clk 1:13:56]} 15. Nd1 {[%clk 0:50:49]} Qb6 {[%clk 1:06:25]} 16. Ne3
{[%clk 0:47:55]} Rf4 {[%clk 1:06:19]} 17. Rad1 {[%clk 0:46:46]} c5
{[%clk 1:03:36]} 18. c3 {[%clk 0:41:20]} cxd4 {[%clk 1:01:24]} 19. Nxd5
{[%clk 0:33:11]} exd5 {[%clk 1:01:47]} 20. cxb4 {[%clk 0:33:37]} Qxb4
{[%clk 1:02:04]} 21. Rd2 {[%clk 0:24:21]} Re8 {[%clk 1:00:56]} 22. Rfd1
{[%clk 0:22:35]} Rfe4 {[%clk 0:51:11]} 23. Kh2 {[%clk 0:22:15]} h5
{[%clk 0:49:49]} 24. f3 {[%clk 0:19:39]} Qd6+ {[%clk 0:39:32]} 25. Kg1
{[%clk 0:19:39]} Re1+ {[%clk 0:38:07]} 26. Rxe1 {[%clk 0:19:53]} Rxe1+
{[%clk 0:38:32]} 27. Kf2 {[%clk 0:20:22]} Qe5 {[%clk 0:38:53]} 28. Qxd4
{[%clk 0:13:26]} Re2+ {[%clk 0:39:06]} 29. Kg1 {[%clk 0:13:54]} Re1+
{[%clk 0:38:59]} 30. Kf2 {[%clk 0:14:17]} Re2+ {[%clk 0:39:21]} 31. Kg1
{[%clk 0:14:44]} Qxd4+ {[%clk 0:39:42]} 32. Rxd4 {[%clk 0:15:11]} Rxb2
{[%clk 0:40:06]} 33. a4 {[%clk 0:15:26]} Ra2 {[%clk 0:39:54]} 34. Rb4
{[%clk 0:14:28]} Kh7 {[%clk 0:36:32]} 35. Rxb7 {[%clk 0:09:10]} Rxa4
{[%clk 0:36:56]} 36. Rd7 {[%clk 0:09:26]} d4 {[%clk 0:35:51]} 37. Rd6
{[%clk 0:06:14]} h4 {[%clk 0:35:52]} 38. Kf2 {[%clk 0:04:46]} a5 {[%clk 0:35:23]}
39. f4 {[%clk 0:00:41]} Rb4 {[%clk 0:34:28]} 40. Ra6 {[%clk 0:00:36]} a4
{[%clk 0:34:31]} 41. f5 {[%clk 0:01:02]} Rb2+ {[%clk 0:18:45]} 42. Kf3
{[%clk 0:01:18]} Rb3+ {[%clk 0:19:00]} 43. Ke4 {[%clk 0:01:03]} d3
{[%clk 0:16:59]} 44. Rxa4 {[%clk 0:01:29]} d2 {[%clk 0:17:20]} 45. Ra1
{[%clk 0:01:56]} Rg3 {[%clk 0:17:16]} 46. Rd1 {[%clk 0:02:24]} Rxg2
{[%clk 0:17:39]} 47. Ke3 {[%clk 0:02:49]} Rg3+ {[%clk 0:17:12]} 48. Kf4
{[%clk 0:02:03]} Rd3 {[%clk 0:16:50]} 49. Ke4 {[%clk 0:02:30]} Rxh3
{[%clk 0:17:00]} 50. Rxd2 {[%clk 0:02:59]} Kh6 {[%clk 0:14:38]} 51. Kf4
{[%clk 0:00:49]} Ra3 {[%clk 0:14:59]} 52. Kg4 {[%clk 0:00:33]} Ra4+
{[%clk 0:15:23]} 53. Kh3 {[%clk 0:00:50]} Kh5 {[%clk 0:15:26]} 54. Rg2
{[%clk 0:00:53]} Ra3+ {[%clk 0:15:31]} 55. Kh2 {[%clk 0:01:21]} Rg3
{[%clk 0:15:32]} 56. Rf2 {[%clk 0:01:08]} Kg5 {[%clk 0:14:40]} 57. Rf1
{[%clk 0:01:37]} Kf6 {[%clk 0:01:57]} 58. Rf4 {[%clk 0:02:00]} Kg5
{[%clk 0:02:07]} 59. Rf1 {[%clk 0:02:28]} Kf6 {[%clk 0:02:32]} 60. Rf4
{[%clk 0:02:55]} Rg5 {[%clk 0:02:58]} 61. Rxh4 {[%clk 0:02:50]} Kxf5
{[%clk 0:03:22]} 62. Ra4 {[%clk 0:02:59]} Rg4 {[%clk 0:03:29]} 63. Ra5+
{[%clk 0:02:43]} Kf4 {[%clk 0:03:22]} 64. Ra4+ {[%clk 0:02:30]} Kg5
{[%clk 0:03:46]} 65. Ra5+ {[%clk 0:02:55]} Kh4 {[%clk 0:04:09]} 66. Ra3
{[%clk 0:03:17]} Rg5 {[%clk 0:02:37]} 67. Ra4+ {[%clk 0:03:33]} Rg4
{[%clk 0:03:02]} 68. Ra3 {[%clk 0:03:59]} 1/2-1/2

[Event "Fide"]
[Site "?"]
[Date "2019.12.31"]
[Round "9.6"]
[White "Pacan-milej, Kosma"]
[Black "Mikhaletz, Lubomir"]
[Result "1/2-1/2"]
[BlackElo "2386"]
[WhiteElo "2315"]
[LiveChessVersion "1.4.8"]

1. d4 {[%clk 1:30:57]} d6 {[%clk 1:30:54]} 2. c4 {[%clk 1:31:22]} e5
{[%clk 1:31:18]} 3. d5 {[%clk 1:31:47]} g6 {[%clk 1:29:16]} 4. Nc3
{[%clk 1:32:03]} Bg7 {[%clk 1:29:27]} 5. e4 {[%clk 1:32:18]} Nd7 {[%clk 1:29:34]}
6. Bd3 {[%clk 1:30:21]} Ne7 {[%clk 1:29:44]} 7. Nge2 {[%clk 1:28:47]} O-O
{[%clk 1:26:03]} 8. Be3 {[%clk 1:13:15]} f5 {[%clk 1:23:12]} 9. f3
{[%clk 1:13:30]} Nf6 {[%clk 1:23:19]} 10. Qd2 {[%clk 1:06:19]} c5
{[%clk 1:18:46]} 11. h3 {[%clk 0:52:50]} f4 {[%clk 1:16:15]} 12. Bf2
{[%clk 0:53:15]} Nh5 {[%clk 1:15:45]} 13. a3 {[%clk 0:52:22]} a5 {[%clk 1:13:03]}
14. b3 {[%clk 0:51:25]} g5 {[%clk 1:12:28]} 15. Rb1 {[%clk 0:47:34]} Ng6
{[%clk 1:12:30]} 16. Rg1 {[%clk 0:45:39]} Nh4 {[%clk 1:11:47]} 17. Qb2
{[%clk 0:43:46]} b6 {[%clk 1:01:23]} 18. Kd1 {[%clk 0:41:11]} Bd7
{[%clk 1:00:29]} 19. Kc2 {[%clk 0:38:33]} Qc7 {[%clk 0:53:08]} 20. Qc1
{[%clk 0:21:50]} Bf6 {[%clk 0:48:50]} 21. Rb2 {[%clk 0:17:45]} Ng7
{[%clk 0:47:25]} 22. Qb1 {[%clk 0:17:21]} Rfb8 {[%clk 0:47:25]} 23. b4
{[%clk 0:16:56]} Ne8 {[%clk 0:44:55]} 24. Rb3 {[%clk 0:09:44]} Be7
{[%clk 0:44:35]} 25. bxa5 {[%clk 0:09:21]} Rxa5 {[%clk 0:41:42]} 26. Qb2
{[%clk 0:09:28]} Bd8 {[%clk 0:41:38]} 27. Nb5 {[%clk 0:09:30]} Qc8
{[%clk 0:40:18]} 28. Nec3 {[%clk 0:09:40]} h5 {[%clk 0:39:35]} 29. Bxh4
{[%clk 0:08:19]} gxh4 {[%clk 0:40:03]} 30. Qc1 {[%clk 0:08:12]} Be7
{[%clk 0:37:51]} 31. Qd2 {[%clk 0:06:57]} Rba8 {[%clk 0:34:57]} 32. Rgb1
{[%clk 0:06:52]} Qd8 {[%clk 0:31:55]} 33. R1b2 {[%clk 0:06:32]} Bf8
{[%clk 0:32:02]} 34. Qf2 {[%clk 0:06:28]} Qg5 {[%clk 0:30:02]} 35. Rb1
{[%clk 0:06:53]} Be7 {[%clk 0:30:14]} 36. Kd2 {[%clk 0:06:32]} Kf7
{[%clk 0:27:11]} 37. Kc2 {[%clk 0:06:55]} Rc8 {[%clk 0:25:38]} 38. R1b2
{[%clk 0:06:43]} Bd8 {[%clk 0:25:05]} 39. Kb1 {[%clk 0:06:30]} Ke7
{[%clk 0:25:01]} 40. Bf1 {[%clk 0:05:46]} Qg3 {[%clk 0:25:12]} 41. Qxg3
{[%clk 0:05:25]} hxg3 {[%clk 0:23:29]} 42. Kc1 {[%clk 0:05:52]} h4
{[%clk 0:22:57]} 43. Kd1 {[%clk 0:05:50]} Nf6 {[%clk 0:22:15]} 44. Kc1
{[%clk 0:05:25]} Nh7 {[%clk 0:22:31]} 45. Kd1 {[%clk 0:05:30]} Ng5
{[%clk 0:21:20]} 46. Ke2 {[%clk 0:05:50]} Rca8 {[%clk 0:21:36]} 47. Rb1
{[%clk 0:05:35]} Rc8 {[%clk 0:20:39]} 48. R1b2 {[%clk 0:06:02]} Nf7
{[%clk 0:19:59]} 49. Kd1 {[%clk 0:06:23]} Ke8 {[%clk 0:20:11]} 50. Ke2
{[%clk 0:06:25]} Be7 {[%clk 0:19:44]} 51. Nb1 {[%clk 0:05:41]} Kf8
{[%clk 0:19:11]} 52. N5c3 {[%clk 0:05:02]} Bd8 {[%clk 0:19:31]} 53. Nb5
{[%clk 0:05:30]} Ra4 {[%clk 0:19:02]} 54. Kd1 {[%clk 0:05:48]} Kg7
{[%clk 0:19:08]} 55. N1c3 {[%clk 0:06:00]} Ra5 {[%clk 0:19:31]} 56. Nb1
{[%clk 0:06:26]} Kf6 {[%clk 0:19:48]} 57. Ke2 {[%clk 0:06:32]} Rca8
{[%clk 0:19:14]} 58. Kd1 {[%clk 0:06:45]} Ke7 {[%clk 0:18:44]} 59. Ke2
{[%clk 0:06:50]} Ng5 {[%clk 0:19:03]} 60. Kd1 {[%clk 0:06:27]} Nh7
{[%clk 0:19:09]} 61. Ke2 {[%clk 0:06:48]} Nf6 {[%clk 0:19:29]} 62. Kd1
{[%clk 0:06:55]} Be8 {[%clk 0:18:49]} 63. N1c3 {[%clk 0:06:45]} Bg6
{[%clk 0:18:36]} 64. Ke2 {[%clk 0:06:50]} Kd7 {[%clk 0:17:16]} 65. Kd3
{[%clk 0:06:31]} R5a6 {[%clk 0:16:23]} 66. Nb1 {[%clk 0:06:10]} Bc7
{[%clk 0:15:48]} 67. N1c3 {[%clk 0:06:08]} Be8 {[%clk 0:15:59]} 68. Ke2
{[%clk 0:06:16]} Kc8 {[%clk 0:16:00]} 69. Kd3 {[%clk 0:06:25]} Bd7
{[%clk 0:16:18]} 70. Ke2 {[%clk 0:06:10]} Kb7 {[%clk 0:16:30]} 71. Kd1
{[%clk 0:05:31]} Rg8 {[%clk 0:16:19]} 72. Nb1 {[%clk 0:05:30]} Bb8
{[%clk 0:16:22]} 73. N1c3 {[%clk 0:05:11]} Ne8 {[%clk 0:16:01]} 74. Ke1
{[%clk 0:04:49]} Bc7 {[%clk 0:15:53]} 75. Nb1 {[%clk 0:04:56]} Bd8
{[%clk 0:16:12]} 76. N1c3 {[%clk 0:05:09]} Be7 {[%clk 0:16:33]} 77. Kd1
{[%clk 0:04:18]} Nf6 {[%clk 0:16:22]} 78. Ke1 {[%clk 0:04:23]} Nh7
{[%clk 0:16:44]} 79. Nb1 {[%clk 0:04:11]} Ng5 {[%clk 0:17:01]} 80. Kd1
{[%clk 0:04:12]} Rg6 {[%clk 0:16:49]} 81. Ke1 {[%clk 0:03:36]} Ra8
{[%clk 0:15:49]} 82. N5c3 {[%clk 0:03:11]} Bd8 {[%clk 0:16:12]} 83. Nb5
{[%clk 0:03:13]} Rf6 {[%clk 0:14:58]} 84. Kd1 {[%clk 0:03:16]} Be7
{[%clk 0:14:35]} 85. N5c3 {[%clk 0:03:26]} Ra6 {[%clk 0:14:53]} 86. Nb5
{[%clk 0:03:39]} Rg6 {[%clk 0:15:12]} 87. Ke1 {[%clk 0:02:44]} Bd8
{[%clk 0:15:20]} 88. Kd1 {[%clk 0:03:07]} Ra8 {[%clk 0:15:36]} 89. Ke1
{[%clk 0:03:07]} Ra5 {[%clk 0:15:16]} 90. Kd1 {[%clk 0:03:16]} Ra6
{[%clk 0:15:09]} 91. Ke1 {[%clk 0:03:30]} Be7 {[%clk 0:15:02]} 92. Kd1
{[%clk 0:03:49]} Ra8 93. N5c3 1/2-1/2

[Event "Fide"]
[Site "?"]
[Date "2019.12.31"]
[Round "9.7"]
[White "Chyzy, Jakub"]
[Black "Kowalczyk, Rafal"]
[Result "1/2-1/2"]
[BlackElo "2242"]
[WhiteElo "2291"]
[LiveChessVersion "1.4.8"]

1. e4 {[%clk 1:26:25]} e5 {[%clk 1:30:21]} 2. Nf3 {[%clk 1:26:41]} Nc6
{[%clk 1:30:43]} 3. Nc3 {[%clk 1:27:07]} Nf6 {[%clk 1:30:59]} 4. a3
{[%clk 1:27:34]} d5 {[%clk 1:31:11]} 5. Bb5 {[%clk 1:27:57]} Nxe4
{[%clk 1:31:32]} 6. Qe2 {[%clk 1:28:22]} Qd6 {[%clk 1:30:53]} 7. Nxd5
{[%clk 1:28:34]} Qxd5 {[%clk 1:21:44]} 8. Bc4 {[%clk 1:28:46]} Qd6
{[%clk 1:21:40]} 9. Qxe4 {[%clk 1:29:04]} Be6 {[%clk 1:09:08]} 10. O-O
{[%clk 1:22:57]} f6 {[%clk 0:50:55]} 11. Bxe6 {[%clk 1:13:31]} Qxe6
{[%clk 0:51:16]} 12. d4 {[%clk 1:11:44]} f5 {[%clk 0:47:35]} 13. Qe2
{[%clk 1:09:04]} e4 {[%clk 0:47:51]} 14. c4 {[%clk 1:08:21]} Qe7 {[%clk 0:43:47]}
15. Qd1 {[%clk 1:02:39]} Qd7 {[%clk 0:36:25]} 16. d5 {[%clk 0:59:38]} exf3
{[%clk 0:36:45]} 17. dxc6 {[%clk 0:59:57]} Qxc6 {[%clk 0:37:02]} 18. Re1+
{[%clk 0:58:29]} Kf7 {[%clk 0:36:50]} 19. Qd3 {[%clk 0:43:28]} g6
{[%clk 0:36:28]} 20. Bg5 {[%clk 0:39:09]} h6 {[%clk 0:33:29]} 21. Bf4
{[%clk 0:37:39]} Be7 {[%clk 0:31:44]} 22. Qxf3 {[%clk 0:32:41]} Qxf3
{[%clk 0:31:49]} 23. gxf3 {[%clk 0:33:08]} c5 {[%clk 0:19:16]} 24. Rad1
{[%clk 0:32:36]} Rad8 {[%clk 0:19:29]} 25. Bc7 {[%clk 0:18:47]} Rxd1
{[%clk 0:17:22]} 26. Rxd1 {[%clk 0:19:14]} Bf6 {[%clk 0:16:16]} 27. Bf4
{[%clk 0:16:14]} Re8 {[%clk 0:03:02]} 28. Rd7+ {[%clk 0:08:03]} Re7
{[%clk 0:03:25]} 29. Rxe7+ {[%clk 0:08:29]} Kxe7 {[%clk 0:03:40]} 30. b3
{[%clk 0:08:47]} h5 {[%clk 0:03:21]} 31. Be3 {[%clk 0:06:57]} Kd6
{[%clk 0:03:07]} 32. f4 {[%clk 0:06:49]} a6 {[%clk 0:03:10]} 33. a4
{[%clk 0:06:15]} Kc6 {[%clk 0:03:12]} 34. Kf1 {[%clk 0:05:51]} b5
{[%clk 0:02:53]} 35. axb5+ {[%clk 0:05:19]} axb5 {[%clk 0:03:15]} 36. Ke2
{[%clk 0:05:17]} bxc4 {[%clk 0:02:01]} 37. bxc4 {[%clk 0:05:43]} Be7
{[%clk 0:01:56]} 38. Kd3 {[%clk 0:05:51]} Bd6 {[%clk 0:02:03]} 39. h3
{[%clk 0:05:02]} Kd7 {[%clk 0:02:12]} 40. Bc1 {[%clk 0:02:59]} Ke6
{[%clk 0:01:44]} 41. Bd2 {[%clk 0:02:48]} Bf8 {[%clk 0:01:42]} 42. Be3
{[%clk 0:03:02]} Bd6 {[%clk 0:01:45]} 43. Bd2 {[%clk 0:03:18]} Kd7
{[%clk 0:01:25]} 44. Be3 {[%clk 0:03:31]} Kc6 {[%clk 0:01:50]} 45. Kc2
{[%clk 0:03:31]} Kb6 {[%clk 0:02:00]} 46. Kb3 {[%clk 0:03:54]} Be7
{[%clk 0:01:54]} 47. Ka4 {[%clk 0:04:13]} Bf6 {[%clk 0:01:27]} 48. Kb3
{[%clk 0:04:38]} Bg7 {[%clk 0:01:14]} 49. Ka4 {[%clk 0:04:23]} Bh6
{[%clk 0:00:58]} 50. Kb3 {[%clk 0:04:36]} Bf8 {[%clk 0:01:23]} 51. Ka4
{[%clk 0:05:00]} Kc6 {[%clk 0:01:39]} 52. Ka5 {[%clk 0:04:04]} Bd6
{[%clk 0:01:54]} 53. Ka6 {[%clk 0:03:27]} h4 {[%clk 0:01:45]} 54. Ka7
{[%clk 0:03:16]} Kc7 {[%clk 0:01:02]} 55. Ka6 {[%clk 0:03:30]} Kc6
{[%clk 0:01:29]} 56. Ka7 {[%clk 0:03:56]} Kc7 {[%clk 0:01:53]} 57. Ka6
{[%clk 0:04:02]} Kc6 {[%clk 0:02:19]} 1/2-1/2

[Event "Fide"]
[Site "?"]
[Date "2019.12.31"]
[Round "9.8"]
[White "Kowalski, Igor"]
[Black "Rahul Kumar, Pune"]
[Result "1-0"]
[BlackElo "2148"]
[WhiteElo "2354"]
[LiveChessVersion "1.4.8"]

1. b3 {[%clk 1:30:59]} d6 {[%clk 1:24:55]} 2. Bb2 {[%clk 1:31:24]} Nf6
{[%clk 1:25:17]} 3. g3 {[%clk 1:31:47]} e5 {[%clk 1:25:32]} 4. Bg2
{[%clk 1:32:14]} Nbd7 {[%clk 1:25:52]} 5. d3 {[%clk 1:32:09]} g6 {[%clk 1:26:13]}
6. Nd2 {[%clk 1:32:33]} Bg7 {[%clk 1:26:36]} 7. e3 {[%clk 1:32:54]} O-O
{[%clk 1:27:01]} 8. Ne2 {[%clk 1:33:22]} c6 {[%clk 1:25:49]} 9. h3
{[%clk 1:33:47]} Re8 {[%clk 1:25:54]} 10. g4 {[%clk 1:34:02]} Qc7
{[%clk 1:26:16]} 11. Ng3 {[%clk 1:34:27]} d5 {[%clk 1:26:42]} 12. g5
{[%clk 1:34:51]} Nh5 {[%clk 1:26:23]} 13. Nxh5 {[%clk 1:35:17]} gxh5
{[%clk 1:26:49]} 14. Qxh5 {[%clk 1:35:40]} a5 {[%clk 1:27:00]} 15. a4
{[%clk 1:35:47]} Nc5 {[%clk 1:26:48]} 16. O-O {[%clk 1:35:05]} Bf5
{[%clk 1:25:34]} 17. Rae1 {[%clk 1:33:20]} Qd7 {[%clk 1:25:44]} 18. e4
{[%clk 1:32:29]} Bg6 {[%clk 1:25:44]} 19. Qf3 {[%clk 1:31:40]} d4
{[%clk 1:23:47]} 20. h4 {[%clk 1:32:03]} h6 {[%clk 1:23:39]} 21. Nc4
{[%clk 1:31:18]} Qd8 {[%clk 1:23:43]} 22. Ba3 {[%clk 1:30:41]} Qe7
{[%clk 1:17:18]} 23. Qg4 {[%clk 1:28:19]} hxg5 {[%clk 1:17:12]} 24. hxg5
{[%clk 1:28:44]} b5 {[%clk 1:17:48]} 25. Nd2 {[%clk 1:29:07]} b4 {[%clk 1:17:48]}
26. Bc1 {[%clk 1:29:54]} Ne6 {[%clk 1:18:05]} 27. Nf3 {[%clk 1:30:10]} Qc5
{[%clk 1:14:25]} 28. Re2 {[%clk 1:29:00]} Bf8 {[%clk 1:11:16]} 29. Nh4
{[%clk 1:26:14]} Ng7 {[%clk 1:01:41]} 30. Bf3 {[%clk 1:26:05]} Ra7
{[%clk 0:51:09]} 31. Kg2 {[%clk 1:26:05]} Nh5 {[%clk 0:50:41]} 32. Nf5
{[%clk 1:24:36]} Nf4+ {[%clk 0:51:06]} 33. Bxf4 {[%clk 1:23:44]} exf4
{[%clk 0:50:48]} 34. Rh1 {[%clk 1:23:26]} Qe5 {[%clk 0:50:19]} 35. Rh4
{[%clk 1:17:58]} c5 {[%clk 0:50:35]} 36. Re1 {[%clk 1:17:58]} Bxf5
{[%clk 0:50:35]} 37. exf5 Qxe1 38. Qh5 Bg7 39. f6 Re2 40. Qh7+ Kf8 41. Qh8+ 1-0